Algunas consideraciones, aspectos prácticos e interpretaciones del régimen de moneda constante (Registro nro. 17154)

Detalles MARC
000 -LEADER
fixed length control field 00392 a2200109 4500
001 - CONTROL NUMBER
control field ART_2181
005 - DATE AND TIME OF LATEST TRANSACTION
control field 20260410161723.0
008 - FIXED-LENGTH DATA ELEMENTS--GENERAL INFORMATION
fixed length control field 260409a
100 1# - MAIN ENTRY--PERSONAL NAME
Personal name Luppi, Hugo Alberto
245 10 - TITLE STATEMENT
Title Algunas consideraciones, aspectos prácticos e interpretaciones del régimen de moneda constante
773 0# - HOST ITEM ENTRY
Title Administración de empresas
Related parts - Año XV, Nº 173 (ago. 1984)
Record control number REV2036

No hay ítems disponibles.